000
00217nam a22000857a 4500
008
161210b xxu||||| |||| 00| 0 eng d
100
_9
1983
_a
Tayal.B.B.etal.
245
_a
Social Science-VIII
260
_a
New Delhi
_b
APC
_c
2011
999
_c
4793
_d
4793